Name All Hello Neighbor Characters - Statistics

General Stats
  • This quiz has been taken 7 times
    6 since last reset
  • The average score is 11 of 26
Answer Stats
Answer % Correct
Aaron Peterson
100%
Diane Peterson
100%
Mya Peterson
100%
Nicky Roth
100%
Theodore Peterson
75%
Delroy
50%
Enzo Esposito
50%
Ivan Torre
50%
Maritza Esposito
50%
The Guest
50%
The Thing
50%
Trinity Bales
50%
Beatrix
25%
Coned
25%
Finch
25%
Gerda
25%
Imbir
25%
Iris
25%
Jacob
25%
Keith Newsom
25%
Leslie Kornwell
25%
Otto Kinander
25%
Quentin
25%
Signed
25%
Lucy Yi
0%
The Mayor
0%
No matching quizzes found
Score Distribution
Percent of People with Each Score
Percentile by Number Answered
Your Score History
You have not taken this quiz since the last reset